Normal view
MARC view
Entry Topical Term
001 - CONTROL NUMBER
- control field: 8116
003 - CONTROL NUMBER IDENTIFIER
- control field: OSt
005 - DATE AND TIME OF LATEST TRANSACTION
- control field: 20160419194708.0
008 - FIXED-LENGTH DATA ELEMENTS
- fixed length control field: 160419|| aca||aabn | a|a d
040 ## - CATALOGING SOURCE
- Original cataloging agency: OSt
- Transcribing agency: OSt
150 ## - HEADING--TOPICAL TERM
- Topical term or geographic name entry element: Business enterprise
670 ## - SOURCE DATA FOUND
- Source citation: Work cat.: (OSt): Marchetti, Anne M. 8115, Enterprise Risk Management Best practices: from assessment to ongoing compliance
